000 02053nam0a2200421 4500
001 RU\NLR\BIBL_A\022724498
005 20260311151230.0
010 _a978-5-908073-23-3
_9314
021 _aRU
_bАЛ-П-25-01379и
_9АЛ-П-25-0259
021 _aRU
_bАЛ-П-25-01380и
_9АЛ-П-25-0259
035 _a(NLR Aleph) 022724498
090 _a13633024
_c13633024
100 _a20260210d2026 u y0rusy50 ca
101 0 _arus
102 _aRU
105 _aa t 000ay
181 0 _ab3
_bbb2e
181 0 _ai1
_baxxe
182 0 _an
200 1 _aКомикскомпания Bubble представляет: Мрак и Реки. Другое кино
_eчетырёхсерийная трагикомедия
_e[книга комиксов
_fсценаристы: Алексей Волков, Алексей Замский
_gхудожники-постановщики: Олег Чудаков, Андрей Васин]
203 _aИзображение
_aТекст
_bвизуальные
_cнепосредственные
210 _aМосква
_cБАБЛ
_d2026 (печ. 2025)
215 _a[112] с.
_cцв. ил.
_d25
300 _aВ макете: Мрак и Реки. Другое кино / А. Волков [и др.]
300 _aЗапрещено для детей. Содержит сцены жестокости
333 _a18+
517 1 _aМрак и Реки. Другое кино
686 0 _aЩ153(2Р=Рус)8-475
686 2 _aШ6(2=Р)8-499
702 1 _aЧудаков
_bО.
_gОлег
_4040
702 1 _4690
_7ca
_8rus
_aВолков
_bА. В.
_cлитератор, история комиксов
_gАлексей Владимирович
_9172918
_3RU\NLR\AUTH\770172969
702 1 _aВасин
_bА. Л.
_gАндрей Леонидович
_4040
712 0 2 _4475
_a"Бабл", российское издательство комиксов
_cМосква
_9490987
_3RU\NLR\AUTH\880412850
942 _cBOOK
980 _aNB